Statistics for Confederate States Country Quiz

Click here to take the quiz!

General Stats

  • This quiz has been taken 162 times
  • The average score is 13 of 20

Answer Stats

QuestionAnswer% Correct
What cities served as the capital of the Confederate States at certain points?Richmond
93%
What Pennsylvania battle was the bloodiest of the entire Civil War?Gettysburg
88%
What was the main reason Confederacy to seceded?Slavery
88%
What was the first state to secede from the Union?South Carolina
87%
What was the main cash crop of the Confederacy?Cotton
85%
What Confederate general commanded the Army of Northern Virginia?Robert E. Lee
85%
What body of water did the Confederacy border to the south?Gulf of Mexico
80%
Who was assassinated Abraham Lincoln?John Wilkes Booth
79%
What was General Jackson's nickname?Stonewall
72%
Who was the only President the Confederacy had?Jefferson Davis
69%
What state separated from the Confederacy in 1863?West Virginia
68%
What period followed the Civil War?Reconstruction
66%
What city was the most populous in the Confederacy at that point?New Orleans
66%
What famous Civil War novel was written by Margaret Mitchell?Gone with the Wind
63%
At what fort did the first battle of the Civil War take place?Fort Sumter
61%
What cities served as the capital of the Confederate States at certain points?Montgomery
40%
What city did Grant capture – which allowed the North to control the entire
length of the Mississippi River?
Vicksburg
38%
What was Confederacy's marching song?The {Bonnie} Blue Flag
17%
What was the most famous speech made by Vice President Alexander H. Stephens?{Corner}stone
13%
What was the unofficial national anthem of the Confederacy?{God} {Save} the South
12%

Score Distribution

Percentile by Number Answered

Percent of People with Each Score

Your Score History

You have not taken this quiz